|
|
|
|
| LEADER |
00000nam0a2200000 4500 |
| 001 |
290038 |
| 005 |
20231102000238.0 |
| 010 |
|
|
|a 9785883372178
|
| 035 |
|
|
|a (RuTPU)RU\TPU\book\314568
|
| 090 |
|
|
|a 290038
|
| 100 |
|
|
|a 20150403d2012 m y0rusy50 ca
|
| 101 |
0 |
|
|a rus
|
| 102 |
|
|
|a RU
|
| 105 |
|
|
|a y j 000zy
|
| 200 |
1 |
|
|a Методическая мастерская. Образцы уроков по русскому языку как иностранному
|f Н. Б. Битехтина [и др.]
|
| 205 |
|
|
|a 2-е изд., стер.
|
| 210 |
|
|
|a Москва
|c Русский язык. Курсы
|d 2012
|
| 215 |
|
|
|a 172 с.
|
| 225 |
1 |
|
|a Методы. Приемы. Результаты
|
| 330 |
|
|
|a В пособии представлены образцы уроков по фонетике и интонации, грамматике, лексике, стилистике, чтению художественного текста, развитию речи — основным аспектам практического курса русского языка как иностранного (базовый и I—IV сертификационные уровни, или уровни А2, Bl, В2, CI, С2 по шкале Совета Европы). Каждый урок содержит подробный комментарий к отбору и организации необходимого учебного материала и способам его презентации. Книга адресована преподавателям русского языка как иностранного (РКИ), а также слушателям факультетов и курсов повышения квалификации, учащимся филологических вузов, получающим специализацию «Преподаватель РКИ», и всем интересующимся обучением русскому языку как средству общения.
|
| 606 |
1 |
|
|a Русский язык
|x Для других народов
|x Учебные руководства и пособия
|2 stltpush
|3 (RuTPU)RU\TPU\subj\26400
|9 50340
|
| 610 |
1 |
|
|a лексика
|
| 610 |
1 |
|
|a грамматика
|
| 610 |
1 |
|
|a упражнения
|
| 610 |
1 |
|
|a русский язык для иностранцев
|
| 610 |
1 |
|
|a русский язык как иностранный
|
| 610 |
1 |
|
|a разговорная речь
|
| 686 |
|
|
|a Ш141.2-96
|v LBC/SL-A
|2 rubbk
|
| 701 |
|
1 |
|a Битехтина
|b Н. Б.
|
| 701 |
|
1 |
|a Горбаневская
|b Г. В.
|
| 701 |
|
1 |
|a Доменко
|b Н. В.
|
| 701 |
|
1 |
|a Жаркова
|b Т. Л.
|
| 701 |
|
1 |
|a Кирсанова
|b Н. Д.
|
| 801 |
|
1 |
|a RU
|b 63413507
|c 20150403
|
| 801 |
|
2 |
|a RU
|b 63413507
|c 20150420
|g RCR
|
| 942 |
|
|
|c BK
|
| 959 |
|
|
|a 22/20150326
|d 3
|e 300,00
|f ЧЗИЛ:1
|f УФ:2
|